Los consejeros del príncipe: saber técnico y política en los procesos de reforma económica en América Latina /
Los estudios sobre la dinámica institucional de los saberes especializados han comenzado a poner de manifiesto que en el proceso de elaboración de políticas públicas en las sociedades complejas toda cuestión "técnica" importante conlleva cuestiones de "política" y parejamente, c...
Zapisane w:
| 1. autor: | |
|---|---|
| Format: | Texto |
| Hasła przedmiotowe: | |
| Etykiety: |
Dodaj etykietę
Nie ma etykietki, Dołącz pierwszą etykiete!
|
MARC
| LEADER | 00000 a a2200000 04500 | ||
|---|---|---|---|
| 001 | 10565 | ||
| 003 | |||
| 040 | |||
| 100 | |a Camou, Antonio | ||
| 245 | |a Los consejeros del príncipe: |b saber técnico y política en los procesos de reforma económica en América Latina / |c Antonio Camou | ||
| 520 | |a Los estudios sobre la dinámica institucional de los saberes especializados han comenzado a poner de manifiesto que en el proceso de elaboración de políticas públicas en las sociedades complejas toda cuestión "técnica" importante conlleva cuestiones de "política" |a y parejamente, cualquier cuestión "política" relevante implica la resolución de importantes cuestiones "técnicas". De este modo, cuestiones "técnicas" y cuestiones "políticas" son como dos puntas de un mismo ovillo. Contrariamente a ciertos enfoques reduccionistas, es muy difícil sostener una causalidad lineal que va de los "intereses" de los actores -empresarios u organismos multilaterales, por caso- a las decisiones de políticas públicas |a lo que se encuentra es la mediación de circuitos de expertise que mientras contribuyen a configurar esos propios intereses, también inciden sobre las políticas estatales a fin de disciplinar a los agentes económicos y al propio Estado de acuerdo con patrones de análisis y evaluación derivados de modelos y teorías económicas. Estos análisis simbólicos, y sus organizaciones, están lejos de ser "intelectuales orgánicos" en ningún sentido reconocible de la palabra. Rev/PAG | ||
| 650 | |a REFORMA ECONOMICA | ||
| 650 | |a POLITICA | ||
| 773 | |g número 152; páginas 54-67 | ||
| 999 | |c 36300 |d 36300 | ||
